| 000 | 01078nac a22002171u 4500 | ||
|---|---|---|---|
| 008 | 100914t xxu||||| |||| 00| 0 eng d | ||
| 010 | _a 77037026 | ||
| 020 | _a0471924350 | ||
| 082 | 0 | 0 |
_a628.16 _bWEB |
| 100 |
_aWeber, Walter J., _919059 |
||
| 245 | 1 | 0 |
_aPhysicochemical Processes: _bFor Water Quality Control / _c[by] Walter J. Weber, Jr. With contributions by Jack A. Borchardt [et al...] |
| 260 |
_aNew York, _bWiley-Interscience:[1972] _c[1972] |
||
| 300 |
_axxvi, 640 p. : _bill. ; _c23 cm. |
||
| 490 | 0 |
_aEnvironmental science and technology _919060 |
|
| 504 | _aIncludes bibliographies. | ||
| 650 | 0 |
_aWater _xPurification. _919061 |
|
| 856 | 4 |
_3Table of Contents _uhttp://www.loc.gov/catdir/toc/onix03/77037026.html |
|
| 942 |
_cBB _k628.16 WEB _2ddc |
||
| 999 |
_c3841 _d3841 |
||